Etymologicum Magnum Romaniae : Dictionarul Limbei Istorice si Poporane a Romanilor

Guardat en:
Dades bibliogràfiques
Autor principal: Hasdeu, B. P.
Format: Llibre
Idioma:Undetermined
Publicat: Bucarest, Rumania Minerva 1972
Matèries:
Etiquetes: Afegir etiqueta
Sense etiquetes, Sigues el primer a etiquetar aquest registre!

MARC

LEADER 00000nam a2200000Ia 4500
008 170316s9999 xx 000 0 und d
040 |a cru BVZT 
090 |a 859 H-1e v.1 
100 |a Hasdeu, B. P. 
245 |a Etymologicum Magnum Romaniae : Dictionarul Limbei Istorice si Poporane a Romanilor 
260 |a Bucarest, Rumania 
260 |b Minerva 
260 |c 1972 
300 |a 773 páginas vol. 1 
650 |a LITERATURA RUMANA 
999 |c 8256  |d 8256 
942 |c 15 D  |h 859 H-1e v.1  |2 z